header

Functions and change : (Record no. 250627)

MARC details
000 -LEADER
fixed length control field 01011cam a22003134a 4500
001 - CONTROL NUMBER
control field 12605773
003 - CONTROL NUMBER IDENTIFIER
control field OSt
005 - DATE AND TIME OF LATEST TRANSACTION
control field 20151014111521.0
008 - FIXED-LENGTH DATA ELEMENTS--GENERAL INFORMATION
fixed length control field 011203s2003 maua b 001 0 eng
010 ## - LIBRARY OF CONGRESS CONTROL NUMBER
LC control number 2001099010
020 ## - INTERNATIONAL STANDARD BOOK NUMBER
International Standard Book Number 0618219560
035 ## - SYSTEM CONTROL NUMBER
System control number (DLC) 2001099010
040 ## - CATALOGING SOURCE
Original cataloging agency DLC
Transcribing agency DLC
Modifying agency DLC
042 ## - AUTHENTICATION CODE
Authentication code pcc
050 00 - LIBRARY OF CONGRESS CALL NUMBER
Classification number QA331.3
Item number .C73 2003
082 00 - DEWEY DECIMAL CLASSIFICATION NUMBER
Classification number 512
Edition number 21
100 1# - MAIN ENTRY--PERSONAL NAME
Personal name Crauder, Bruce.
245 10 - TITLE STATEMENT
Title Functions and change :
Remainder of title a modeling approach to college algebra /
Statement of responsibility, etc Bruce Crauder, Benny Evans, and Alan Noell.
250 ## - EDITION STATEMENT
Edition statement 2nd ed.
260 ## - PUBLICATION, DISTRIBUTION, ETC. (IMPRINT)
Place of publication, distribution, etc Boston :
Name of publisher, distributor, etc Houghton Mifflin Co.,
Date of publication, distribution, etc c2003.
300 ## - PHYSICAL DESCRIPTION
Extent 1 v. (various pagings) :
Other physical details ill. ;
Dimensions 26 cm.
504 ## - BIBLIOGRAPHY, ETC. NOTE
Bibliography, etc Includes bibliographical references and indexes.
650 #0 - SUBJECT ADDED ENTRY--TOPICAL TERM
Topical term or geographic name as entry element Functions.
700 1# - ADDED ENTRY--PERSONAL NAME
Personal name Evans, Benny.
Personal name Noell, Alan.
906 ## - LOCAL DATA ELEMENT F, LDF (RLIN)
a 7
b cbc
c orignew
d 3
e epcn
f 20
g y-gencatlg
942 ## - ADDED ENTRY ELEMENTS (KOHA)
Source of classification or shelving scheme Library of Congress Classification
Koha item type Continuing Resources
Holdings
Withdrawn status Lost status Source of classification or shelving scheme Damaged status Not for loan Home library Current library Shelving location Date acquired Total Checkouts Full call number Barcode Date last seen Date checked out Price effective from Koha item type
    Library of Congress Classification     Rongo University Library Rongo University Library General Stacks 14/10/2015 2 QA331.3 .C73 2003 20087194 21/11/2019 08/11/2019 14/10/2015 Continuing Resources

© 2026 Rongo University
Contact us: librarian | system librarian | Rongo university